000 00452nam a2200169Ia 4500
008 090711s9999 xx 000 0 und d
082 _b66563
100 _aजावडेकर सुबोध
245 _aगुगली
260 _c1991
300 _a139
600 _aजावडेकर सुबोध
630 _aगुगली
700 _aजावडेकर सुबोध
730 _aगुगली
942 _cBOOK
999 _c310780
_d310780